000 00484nam a2200181Ia 4500
001 1567
005 20260306143738.0
008 260306t2018||||xx |||||||||||||| ||spa||
041 _aESP
082 _a150.985
_bO61 V. 4
100 _aOrbegoso Galarza, Arturo
_eAUT
245 0 _aOrígenes sociales de la psicología y la psiquiatría en el Perú (1850-1930)
260 _c2018
300 _a128 páginas :
_c21 cm.
650 _aGEN
654 _aCPS
942 _cLIB
_dJUS
_fJUS
_2ddc
_n
999 _c1567
_d1567